ՀՀ Գիտությունների ազգային ակադեմիայի հիմնարար գիտական գրադարան  =   Fundamental Scientific Library of NAS RA

Բայրոնը և հայերը / (Record no. 82655)

MARC details
000 -LEADER
fixed length control field 00836nam a2200229 a 4500
001 - CONTROL NUMBER
control field 000234032
003 - CONTROL NUMBER IDENTIFIER
control field AM-YeHGA
005 - DATE AND TIME OF LATEST TRANSACTION
control field 20250618071601.0
008 - FIXED-LENGTH DATA ELEMENTS--GENERAL INFORMATION
fixed length control field 030612s1959 ai ac|||r|||||||||0|arm|d
040 ## - CATALOGING SOURCE
Original cataloging agency AM-YeHGA
041 0# - LANGUAGE CODE
Language code of text/sound track or separate title arm
090 ## - LOCALLY ASSIGNED LC-TYPE CALL NUMBER (OCLC); LOCAL CALL NUMBER (RLIN)
-- 83928
100 1# - MAIN ENTRY--PERSONAL NAME
Personal name Դաշտենց, Խաչիկ Տոնոյի,
Dates associated with a name 1910-1974
9 (RLIN) 9372
245 10 - TITLE STATEMENT
Title Բայրոնը և հայերը /
Statement of responsibility, etc. Խ. Դաշտենց ; Խմբ.՝ Ս. Սարգսյան.
260 ## - PUBLICATION, DISTRIBUTION, ETC.
Place of publication, distribution, etc. Երևան :
Name of publisher, distributor, etc. Հայպետհրատ,
Date of publication, distribution, etc. 1959.
300 ## - PHYSICAL DESCRIPTION
Extent 179 էջ :
Other physical details դիմանկ., նկ. ;
Dimensions 16 սմ.
504 ## - BIBLIOGRAPHY, ETC. NOTE
Bibliography, etc. note Տողատակի ծանոթագր.՝ հայ. և օտար լեզուներով
600 10 - SUBJECT ADDED ENTRY--PERSONAL NAME
Personal name Բայրոն, Ջորջ Գորդոն,
Dates associated with a name 1788-1824
9 (RLIN) 5573
650 12 - SUBJECT ADDED ENTRY--TOPICAL TERM
Topical term or geographic name entry element Գրականագիտություն
700 1# - ADDED ENTRY--PERSONAL NAME
Personal name Սարգսյան, Ս.
Relator term խմբ.
Relationship edt
942 ## - ADDED ENTRY ELEMENTS (KOHA)
Source of classification or shelving scheme Universal Decimal Classification
Koha item type Գրքեր / Books
Holdings
Withdrawn status Lost status Damaged status Not for loan Collection Home library Current library Date acquired Total checkouts Full call number Barcode Date last seen Price effective from Koha item type Public note Cost, replacement price Source of classification or shelving scheme
        General Fundamental Scientific Library Fundamental Scientific Library 22/12/2016   AI/181 FL0230307 22/12/2016 22/12/2016 Գրքեր / Books 30 Days Loan    
        General Fundamental Scientific Library Fundamental Scientific Library 22/12/2016   AI/182 FL0033102 22/12/2016 22/12/2016 Գրքեր / Books 30 Days Loan 3.00  
        General Fundamental Scientific Library Fundamental Scientific Library 22/12/2016   AI/183 FL0033103 22/12/2016 22/12/2016 Գրքեր / Books 30 Days Loan 3.00  
        General Fundamental Scientific Library Fundamental Scientific Library 22/12/2016   AI/184 FL0033104 22/12/2016 22/12/2016 Գրքեր / Books 30 Days Loan 3.00  
        Hambardzumyan Individual Collection Fundamental Scientific Library Fundamental Scientific Library 22/12/2016   Hamb/266 FL0231692 22/12/2016 22/12/2016 Գրքեր / Books ILL Non-Circ.   Universal Decimal Classification
        Hovhannisian Individual Collection Fundamental Scientific Library Fundamental Scientific Library 18/10/2018   Հովհ/3124 FL0521570 18/10/2018 18/10/2018 Գրքեր / Books ILL Non-Circ.   Universal Decimal Classification


ՀՀ ԳԱԱ հիմնարար գիտական գրադարան
ՀՀ,Երևան 0019
Մարշալ Բաղրամյան 24/6
հեռախոս:(374-10) 52-47-50
Հետադարձ կապ

All site content, except where otherwise noted, is licensed under a
Creative Commons License